00844 2200277 4500001002100000005001500021035002500036008004100061022001400102040001700116082001800133084002000151245009500171260004800266300004200314650002700356700001500383700002300398850001200421007000300433090002400436090002200460110004000482999002200522990002200544INLIS00000000001897220200727102752 a0010-031600000000982160331s2015 yoia g ind d a0852-0277 aYOPDYOGbind04222a315.98234 a315.98234 BAD n00aNanggulan dalam angka = Nanggulan in figures /cpenyunting, Rachmawati, Andriana Nurmahmud3 aWates :bBPS Kabupaten Kulon Progo.,c2015. axiv, 58 halaman :bilustrasi ;c21 cm 4aNanggulan--xStatistik0 aRachmawati0 aAndriana Nurmahmud aYOPDYOGta aDEP 315.98234 BAD n aCB-D.11 2015-15302 aBadan Pusat Statistik (Kulon Progo) aCB-D.11/2015-1530 aCB-D.11/2015-1530